00435 2200169 4500001002100000008004100021035002000062245003500082100001400117260004100131300001300172020002200185084001400207082000800221650001800229990001800247INLIS000000000000966 ind  a0010-0724000966 aKerajaanbNusantaracNur asiah aNur asiah aJakarta :bMediaantara semestac2009 a180 hlm. a978-602-8489-35-5 a903 NUR K a903 aKamus Sejarah aP29/CP/24/966